000 00435nam a22001697a 4500
003 NUST - PNEC
005 20170116180936.0
008 150905b xxu||||| |||| 00| 0 eng d
020 _a0675080819
040 _cLIBRARY
082 _a621.3192 FLO
100 _98188
_aFloyd, Thomas L.
245 _aPrinciples of electric circuits
_cThomas L. Floyd
260 _cc.1981
650 _98189
_aElectric Circuits
_xEE
942 _2ddc
_cBK
999 _c66059
_d66059